Fr. Conceicao Rodrigues College of Engineering

India:A comprehensive geography (Record no. 28881)

MARC details
000 -LEADER
fixed length control field 00334nam a2200157Ia 4500
082 ## - DEWEY DECIMAL CLASSIFICATION NUMBER
Classification number 808.8
Item number KHU
100 ## - MAIN ENTRY--PERSONAL NAME
Personal name Khullar/D.R
245 ## - TITLE STATEMENT
Title India:A comprehensive geography
260 ## - PUBLICATION, DISTRIBUTION, ETC.
Name of publisher, distributor, etc. Kalyani publication
Date of publication, distribution, etc. 1999
366 ## - TRADE AVAILABILITY INFORMATION
Publishers's discount category 15
300 ## - PHYSICAL DESCRIPTION
Extent 868
546 ## - LANGUAGE NOTE
Language note ENGLISH
-- Computers
650 ## - SUBJECT ADDED ENTRY--TOPICAL TERM
Topical term or geographic name entry element India
942 ## - ADDED ENTRY ELEMENTS (KOHA)
Koha item type BOOK
Holdings
Withdrawn status Lost status Damaged status Not for loan Collection Home library Current library Date acquired Source of acquisition Cost, normal purchase price Inventory number Total Checkouts Full call number Barcode Date last seen Cost, replacement price Price effective from Koha item type
        CRC Fr. Agnel's C.Rodrigues College of Engineering Fr. Agnel's C.Rodrigues College of Engineering 17/03/2023 Allied Publishers 250.75 1966 dt 02/11/2012   808.8 KHU 22346 17/03/2023 295.00   BOOK